Arde aún sobre los años / (Registro nro. 13081)

Detalles MARC
000 -LEADER
fixed length control field 00523nam a2200181 4500
003 - CONTROL NUMBER IDENTIFIER
control field DO-SdBNP
005 - DATE AND TIME OF LATEST TRANSACTION
control field 20171124111855.0
008 - FIXED-LENGTH DATA ELEMENTS--GENERAL INFORMATION
fixed length control field 171121985 cu 00| 0 spa d
040 ## - CATALOGING SOURCE
Original cataloging agency DO-SdBNP
Language of cataloging spa
Transcribing agency DO-SdBNP
082 ## - DEWEY DECIMAL CLASSIFICATION NUMBER
Classification number xxx
Item number xxxx
100 ## - MAIN ENTRY--PERSONAL NAME
Personal name López, Frenando
245 ## - TITLE STATEMENT
Title Arde aún sobre los años /
Statement of responsibility, etc. Fernando López
260 ## - PUBLICATION, DISTRIBUTION, ETC. (IMPRINT)
Place of publication, distribution, etc. La Habana :
Name of publisher, distributor, etc. Casa de las Américas,
Date of publication, distribution, etc. 1985
300 ## - PHYSICAL DESCRIPTION
Extent 264 p. ;
Dimensions 20 cm.
942 ## - ADDED ENTRY ELEMENTS (KOHA)
Source of classification or shelving scheme Dewey Decimal Classification
Koha item type Libros
945 ## - LOCAL PROCESSING INFORMATION (OCLC)
a Inventariado extranjero / 2017 VM
956 ## - LOCAL ELECTRONIC LOCATION AND ACCESS (OCLC)
Host name VMATEO
Access number 10
Compression information 20171124
Path BPMSU
Electronic name 0069
Existencias
Withdrawn status Lost status Source of classification or shelving scheme Damaged status Not for loan Collection code Home library Current library Date acquired Total Checkouts Full call number Barcode Date last seen Price effective from Koha item type
    Dewey Decimal Classification     Colección General Biblioteca Pública Metropolitana Salomé Ureña Biblioteca Pública Metropolitana Salomé Ureña 11/24/2017   xxx xxxx BPMSU17110415 11/24/2017 11/24/2017 Libros